00880nam a2200229 450000100060000000300080000600500170001400800390003102000150007003500190008504000320010404100080013608200200014410000470016424500990021126000440031030000300035435000120038450001900039650400410058665000230062717572BD-RjUL20211209000149.0140217s1970 ne a b 000 0 eng a9001354076 a(BD-RjUL)17630 aDLCcDLCdDLCdBD-RjULbeng aeng00a420.8bZAC 19701 aZandvoort, R. W.q(Reinard Willem),d1894-10aCollected papers II :barticles in English published between 1955 and 1970 /cR. W. Zandvoort. aGroningen :bWolters-Noordhoff,cc1970. ax, 187 p.billus.c25 cm. afl28.35 aSequel to Collected papers; a selection of notes and articles originally published in English studies and other journals, which appeared as v. 5 of Groningen studies in English in 1954. aIncludes bibliographical references. 0aEnglish philology.